[Event "HUN-chT2 Erkel 1415"]
[Site "Hungary"]
[Date "2015.03.01"]
[Round "7.7"]
[White "Koszegi, Lajos"]
[Black "Siger, Imre Csaba"]
[Result "1-0"]
[WhiteElo "2077"]
[BlackElo "2113"]
[PlyCount "43"]
[EventDate "2014.09.28"]
[EventType "team-tourn"]
[EventRounds "9"]
[EventCountry "HUN"]
[SourceTitle "EXT 2016"]
[Source "ChessBase"]
[SourceDate "2015.10.08"]
[SourceVersion "1"]
[SourceVersionDate "2015.10.08"]
[SourceQuality "1"]
[WhiteTeam "GBSE"]
[BlackTeam "BEAC"]
[WhiteTeamCountry "HUN"]
[BlackTeamCountry "HUN"]

1. e4 c6 2. Nc3 d5 3. Nf3 Bg4 4. h3 Bh5 5. exd5 cxd5 6. Bb5+ Nc6 7. g4 Bg6 8. Ne5 Rc8 9. h4 f6 10. Nxg6 hxg6 11. Qf3 e6 12. Ne2 Kf7 13. Bxc6 bxc6 14. d3 Bd6 15. Bd2 Qb6 16. 0-0-0 Rb8 17. b3 a5 18. a4 c5 19. Nc3 c4 20. dxc4 dxc4 21. Nb5 Be5 22. Rhe1 1-0

[Event "HUN-chT2 Erkel 1415"]
[Site "Hungary"]
[Date "2014.12.14"]
[Round "6.8"]
[White "Szerenyi, Bence"]
[Black "Siger, Imre Csaba"]
[Result "1/2-1/2"]
[WhiteElo "2004"]
[BlackElo "2113"]
[PlyCount "54"]
[EventDate "2014.09.28"]
[EventType "team-tourn"]
[EventRounds "9"]
[EventCountry "HUN"]
[SourceTitle "EXT 2016"]
[Source "ChessBase"]
[SourceDate "2015.10.08"]
[SourceVersion "1"]
[SourceVersionDate "2015.10.08"]
[SourceQuality "1"]
[WhiteTeam "Vizugy"]
[BlackTeam "BEAC"]
[WhiteTeamCountry "HUN"]
[BlackTeamCountry "HUN"]

1. e4 c6 2. Nc3 d5 3. Nf3 Bg4 4. h3 Bh5 5. exd5 cxd5 6. g4 Bg6 7. Bb5+ Nc6 8. Ne5 Rc8 9. d4 e6 10. h4 f6 11. Nxg6 hxg6 12. Qd3 Kf7 13. h5 gxh5 14. gxh5 Nge7 15. Bf4 Nf5 16. Bxc6 Rxc6 17. 0-0-0 Qa5 18. Kb1 Ra6 19. Qb5 Qxb5 20. Nxb5 Rb6 21. Nc3 Bb4 22. Ne2 Rc8 23. Ng3 Nxd4 24. Rxd4 Bc3 25. Ra4 Bxb2 26. Bd2 Ba3+ 27. Ka1 Bb2+ 1/2-1/2

[Event "BI-2013-P-00025"]
[Site "LSS email"]
[Date "2013.04.23"]
[Round "?"]
[White "Raines, David T"]
[Black "Siger, Imre Csaba"]
[Result "0-1"]
[WhiteElo "898"]
[BlackElo "1577"]
[PlyCount "42"]
[EventDate "2013.04.25"]
[EventType "tourn (corr)"]
[EventRounds "10"]
[EventCountry "GER"]
[SourceTitle "Telechess CBM 167"]
[Source "ChessBase"]
[SourceDate "2015.07.13"]
[SourceVersion "1"]
[SourceVersionDate "2015.07.13"]
[SourceQuality "1"]

1. Nf3 c5 2. c4 Nc6 3. Nc3 e5 4. d3 Nge7 5. g3 d5 6. cxd5 Nxd5 7. Bg2 Nxc3 8. bxc3 Be7 9. 0-0 0-0 10. Bb2 Be6 11. Qa4 Qc7 12. Rac1 c4 13. d4 e4 14. Nd2 b5 15. Qd1 f5 16. e3 Rad8 17. a4 Rb8 18. axb5 Rxb5 19. Ba1 Na5 20. Rb1 Nb3 21. h3 a5 0-1

[Event "BI-2013-P-00025"]
[Site "LSS email"]
[Date "2013.04.23"]
[Round "?"]
[White "Siger, Imre Csaba"]
[Black "Permykov, Andrey Valerevich"]
[Result "0-1"]
[WhiteElo "1577"]
[BlackElo "1896"]
[PlyCount "64"]
[EventDate "2013.04.25"]
[EventType "tourn (corr)"]
[EventRounds "10"]
[EventCountry "GER"]
[SourceTitle "Telechess CBM 167"]
[Source "ChessBase"]
[SourceDate "2015.07.13"]
[SourceVersion "1"]
[SourceVersionDate "2015.07.13"]
[SourceQuality "1"]

1. d4 d5 2. c4 c6 3. Nf3 Nf6 4. Nc3 e6 5. Bg5 h6 6. Bxf6 Qxf6 7. Qb3 Nd7 8. e4 dxe4 9. Nxe4 Qf4 10. Bd3 Be7 11. 0-0 e5 12. Rfe1 exd4 13. Nxd4 0-0 14. Bc2 Nc5 15. Qc3 Rd8 16. Rad1 Bg4 17. f3 Bh5 18. g3 Nxe4 19. Bxe4 Qc7 20. Nb3 a5 21. c5 Rxd1 22. Rxd1 a4 23. Nc1 Rd8 24. Rxd8+ Qxd8 25. Nd3 Bf6 26. Qe1 Qd4+ 27. Kg2 g5 28. Qe2 Qc4 29. a3 Kg7 30. Bf5 Bg6 31. Bxg6 fxg6 32. g4 h5 0-1

[Event "BI-2013-P-00025"]
[Site "LSS email"]
[Date "2013.04.23"]
[Round "?"]
[White "Siger, Imre Csaba"]
[Black "Zielinski, Sergej"]
[Result "1/2-1/2"]
[WhiteElo "1577"]
[BlackElo "2143"]
[PlyCount "45"]
[EventDate "2013.04.25"]
[EventType "tourn (corr)"]
[EventRounds "10"]
[EventCountry "GER"]
[SourceTitle "Telechess CBM 167"]
[Source "ChessBase"]
[SourceDate "2015.07.13"]
[SourceVersion "1"]
[SourceVersionDate "2015.07.13"]
[SourceQuality "1"]

1. e4 e5 2. Nf3 Nc6 3. Bb5 a6 4. Ba4 Nf6 5. 0-0 Be7 6. Re1 b5 7. Bb3 d6 8. c3 0-0 9. h3 Na5 10. Bc2 c5 11. d4 Qc7 12. d5 Bd7 13. b3 Nb7 14. Nbd2 g6 15. Nf1 Nh5 16. Bh6 Rfb8 17. Qd2 c4 18. Ne3 Bf8 19. Bxf8 Rxf8 20. bxc4 Nc5 21. cxb5 axb5 22. Nf5 f6 23. Ne7+ 1/2-1/2

[Event "SC-2013-0-00179"]
[Site "LSS email"]
[Date "2013.03.19"]
[Round "?"]
[White "Siger, Imre Csaba"]
[Black "Laine, Jari"]
[Result "0-1"]
[WhiteElo "1577"]
[BlackElo "1891"]
[PlyCount "38"]
[EventDate "2013.02.11"]
[EventType "tourn (corr)"]
[EventRounds "6"]
[EventCountry "GER"]
[SourceTitle "Telechess CBM 167"]
[Source "ChessBase"]
[SourceDate "2015.07.13"]
[SourceVersion "1"]
[SourceVersionDate "2015.07.13"]
[SourceQuality "1"]

1. d4 d5 2. c4 c6 3. Nf3 Nf6 4. e3 e6 5. Nc3 Nbd7 6. Bd3 dxc4 7. Bxc4 b5 8. Bd3 Bb7 9. a3 b4 10. axb4 Bxb4 11. 0-0 c5 12. Qe2 0-0 13. Rd1 a5 14. e4 cxd4 15. Nxd4 Qb8 16. f3 Bd6 17. g3 Bc5 18. Be3 Ne5 19. Bb5 Rd8 0-1

[Event "SC-2013-0-00179"]
[Site "LSS email"]
[Date "2013.03.19"]
[Round "?"]
[White "Van Rooijen, Peter"]
[Black "Siger, Imre Csaba"]
[Result "1-0"]
[WhiteElo "1663"]
[BlackElo "1577"]
[PlyCount "41"]
[EventDate "2013.02.11"]
[EventType "tourn (corr)"]
[EventRounds "6"]
[EventCountry "GER"]
[SourceTitle "Telechess CBM 167"]
[Source "ChessBase"]
[SourceDate "2015.07.13"]
[SourceVersion "1"]
[SourceVersionDate "2015.07.13"]
[SourceQuality "1"]

1. b4 c6 2. Bb2 a5 3. a3 axb4 4. axb4 Rxa1 5. Bxa1 Qb6 6. c3 d5 7. Nf3 Nf6 8. e3 Bf5 9. Na3 e6 10. Nh4 Be4 11. f3 Bg6 12. Be2 Bd6 13. 0-0 Nbd7 14. Nxg6 hxg6 15. g3 0-0 16. Bb2 Ra8 17. Qc2 Qd8 18. Ra1 b5 19. Kg2 e5 20. e4 Nb6 21. d3 1-0

[Event "OP-2013-0-02658"]
[Site "LSS email"]
[Date "2013.02.22"]
[Round "?"]
[White "Varend, Erik"]
[Black "Siger, Imre Csaba"]
[Result "0-1"]
[WhiteElo "1771"]
[BlackElo "1575"]
[PlyCount "51"]
[EventDate "2013.02.19"]
[EventType "tourn (corr)"]
[EventRounds "4"]
[EventCountry "GER"]
[SourceTitle "Telechess CBM 161"]
[Source "ChessBase"]
[SourceDate "2014.07.16"]
[SourceVersion "1"]
[SourceVersionDate "2014.07.16"]
[SourceQuality "1"]

1. c4 c5 2. Nf3 Nc6 3. Nc3 e5 4. g3 g6 5. d3 Bg7 6. Bg2 d6 7. 0-0 Nge7 8. a3 0-0 9. Rb1 a5 10. Bd2 Rb8 11. Qa4 b6 12. Nb5 d5 13. Rfd1 Be6 14. Rbc1 Qd7 15. Ng5 Nd4 16. Nxe6 fxe6 17. Re1 Nef5 18. e3 Nxb5 19. Qxb5 Qxb5 20. cxb5 Nd6 21. b4 axb4 22. axb4 Rfc8 23. bxc5 bxc5 24. Ra1 Rxb5 25. Ra6 Nf7 26. e4 0-1

[Event "SB-2013-0-00291"]
[Site "LSS email"]
[Date "2013.02.18"]
[Round "?"]
[White "Bienkowski, Alejandro"]
[Black "Siger, Imre Csaba"]
[Result "1-0"]
[WhiteElo "1816"]
[BlackElo "1575"]
[PlyCount "26"]
[EventDate "2013.02.05"]
[EventType "tourn (corr)"]
[EventRounds "6"]
[EventCountry "GER"]
[SourceTitle "Corr 2015"]
[Source "ChessBase"]
[SourceDate "2015.07.17"]
[SourceVersion "1"]
[SourceVersionDate "2015.07.17"]
[SourceQuality "1"]

1. e4 e6 2. d4 d5 3. Nd2 c5 4. exd5 exd5 5. Ngf3 Nc6 6. Bb5 Bd6 7. dxc5 Bxc5 8. 0-0 Nge7 9. Nb3 Bd6 10. Re1 0-0 11. Bg5 f6 12. Bh4 Qb6 13. Be2 Bf5 1-0

[Event "OP-2013-0-02650"]
[Site "LSS email"]
[Date "2013.02.17"]
[Round "?"]
[White "Garcia, Javier N"]
[Black "Siger, Imre Csaba"]
[Result "0-1"]
[WhiteElo "833"]
[BlackElo "1575"]
[PlyCount "56"]
[EventDate "2013.02.14"]
[EventType "tourn (corr)"]
[EventRounds "4"]
[EventCountry "GER"]
[SourceTitle "Telechess CBM 161"]
[Source "ChessBase"]
[SourceDate "2014.07.16"]
[SourceVersion "1"]
[SourceVersionDate "2014.07.16"]
[SourceQuality "1"]

1. d4 Nf6 2. c4 e6 3. Nc3 Bb4 4. Qc2 c5 5. dxc5 0-0 6. Bg5 h6 7. Bh4 Qa5 8. Bxf6 gxf6 9. e3 Bxc3+ 10. Qxc3 Qxc3+ 11. bxc3 Na6 12. Nf3 Nxc5 13. Nd2 b6 14. g3 Ba6 15. Bg2 Rac8 16. 0-0 d5 17. f4 Bxc4 18. Nxc4 dxc4 19. Rfd1 b5 20. Bf3 Rfd8 21. Rd4 e5 22. Rxd8+ Rxd8 23. Rd1 Rxd1+ 24. Bxd1 Ne4 25. fxe5 fxe5 26. a4 Nxc3 27. Bc2 bxa4 28. Kf2 a3 0-1

[Event "SB-2012-0-00279"]
[Site "LSS email"]
[Date "2013.01.17"]
[Round "?"]
[White "Siger, Imre Csaba"]
[Black "Harney, Thomas"]
[Result "0-1"]
[WhiteElo "1579"]
[BlackElo "2068"]
[PlyCount "42"]
[EventDate "2012.12.22"]
[EventType "tourn (corr)"]
[EventRounds "6"]
[EventCountry "GER"]
[SourceTitle "Telechess CBM 163"]
[Source "ChessBase"]
[SourceDate "2014.11.11"]
[SourceVersion "2"]
[SourceVersionDate "2014.11.11"]
[SourceQuality "1"]

1. d4 Nf6 2. c4 e6 3. Nc3 Bb4 4. e3 b6 5. Bd3 Bb7 6. f3 c5 7. Nge2 Nc6 8. 0-0 cxd4 9. exd4 0-0 10. a3 Be7 11. Be3 d5 12. Rc1 Rc8 13. cxd5 Nxd5 14. Nxd5 exd5 15. Qd2 Re8 16. Bf5 Ra8 17. b4 Bf6 18. Rfe1 a5 19. b5 Na7 20. Bd3 Nc8 21. Bf4 Nd6 0-1

[Event "SB-2012-0-00279"]
[Site "LSS email"]
[Date "2013.01.16"]
[Round "?"]
[White "Bukharin, Alexey"]
[Black "Siger, Imre Csaba"]
[Result "1-0"]
[WhiteElo "1923"]
[BlackElo "1579"]
[PlyCount "47"]
[EventDate "2012.12.22"]
[EventType "tourn (corr)"]
[EventRounds "6"]
[EventCountry "GER"]
[SourceTitle "Telechess CBM 163"]
[Source "ChessBase"]
[SourceDate "2014.11.11"]
[SourceVersion "2"]
[SourceVersionDate "2014.11.11"]
[SourceQuality "1"]

1. e4 e6 2. d4 d5 3. e5 c5 4. c3 Qb6 5. Nf3 Bd7 6. a3 a5 7. b3 cxd4 8. cxd4 Nc6 9. Bb2 Nce7 10. Nc3 Nh6 11. Bd3 Nef5 12. Bc2 Rc8 13. 0-0 Be7 14. Qd2 Nh4 15. Nxh4 Bxh4 16. Rab1 Be7 17. Na4 Qa7 18. Rfc1 0-0 19. Qd3 g6 20. Nc5 Bc6 21. Qd2 Kg7 22. Bd3 b6 23. Na4 Nf5 24. Rc2 1-0

[Event "SC-2012-0-00171"]
[Site "LSS email"]
[Date "2013.01.16"]
[Round "?"]
[White "Kaloev, Todor"]
[Black "Siger, Imre Csaba"]
[Result "1-0"]
[WhiteElo "1762"]
[BlackElo "1579"]
[PlyCount "79"]
[EventDate "2012.12.25"]
[EventType "tourn (corr)"]
[EventRounds "6"]
[EventCountry "GER"]
[SourceTitle "Telechess CBM 163"]
[Source "ChessBase"]
[SourceDate "2014.11.11"]
[SourceVersion "2"]
[SourceVersionDate "2014.11.11"]
[SourceQuality "1"]

1. e4 c6 2. d4 d5 3. f3 Qb6 4. e5 e6 5. c3 c5 6. Bd3 Bd7 7. Ne2 Nc6 8. Bc2 Rc8 9. f4 Nh6 10. Qd2 cxd4 11. cxd4 Nb4 12. Nbc3 Nxc2+ 13. Qxc2 Nf5 14. Qd3 Rc4 15. b3 Rc7 16. Bb2 h5 17. Rc1 Be7 18. 0-0 0-0 19. Rfd1 Qa5 20. Ng3 Nxg3 21. hxg3 Rfc8 22. a4 Bb4 23. Na2 b5 24. Rxc7 Rxc7 25. Nxb4 Qxb4 26. a5 Qxa5 27. Ra1 Qb6 28. b4 Rc4 29. Bc3 Bc8 30. Kh2 Qc6 31. Bd2 Qb6 32. Bc3 Qc7 33. Bd2 Qb8 34. Kh3 Qb6 35. Bc3 Qc7 36. Bd2 f5 37. Kh2 Qb6 38. Bc3 g6 39. Ra5 Qc7 40. Bd2 1-0

[Event "SB-2012-0-00279"]
[Site "LSS email"]
[Date "2013.01.16"]
[Round "?"]
[White "Koronowski, Heinz Juergen"]
[Black "Siger, Imre Csaba"]
[Result "1-0"]
[WhiteElo "1979"]
[BlackElo "1579"]
[PlyCount "63"]
[EventDate "2012.12.22"]
[EventType "tourn (corr)"]
[EventRounds "6"]
[EventCountry "GER"]
[SourceTitle "Telechess CBM 163"]
[Source "ChessBase"]
[SourceDate "2014.11.11"]
[SourceVersion "2"]
[SourceVersionDate "2014.11.11"]
[SourceQuality "1"]

1. e4 e6 2. d4 d5 3. Nc3 Nf6 4. e5 Nfd7 5. f4 c5 6. Nf3 Qb6 7. Be3 a6 8. a3 Nc6 9. dxc5 Bxc5 10. Na4 Qa5+ 11. b4 Qxa4 12. bxc5 h6 13. c4 Qa5+ 14. Qd2 Qxd2+ 15. Kxd2 g5 16. cxd5 exd5 17. Rc1 gxf4 18. Bxf4 Nf8 19. g3 Bf5 20. Bd3 Bxd3 21. Kxd3 Ne6 22. Nh4 Ne7 23. Rhf1 Rc8 24. Be3 Rg8 25. Bxh6 Rxc5 26. Rxc5 Nxc5+ 27. Ke2 Ne6 28. a4 Rg4 29. Bf4 Kd7 30. Ng2 b5 31. axb5 axb5 32. Ne3 1-0

[Event "SB-2012-0-00279"]
[Site "LSS email"]
[Date "2013.01.15"]
[Round "?"]
[White "Siger, Imre Csaba"]
[Black "Sikorski, Roman"]
[Result "0-1"]
[WhiteElo "1579"]
[BlackElo "1893"]
[PlyCount "61"]
[EventDate "2012.12.22"]
[EventType "tourn (corr)"]
[EventRounds "6"]
[EventCountry "GER"]
[SourceTitle "Telechess CBM 163"]
[Source "ChessBase"]
[SourceDate "2014.11.11"]
[SourceVersion "2"]
[SourceVersionDate "2014.11.11"]
[SourceQuality "1"]

1. e4 c5 2. Nf3 Nc6 3. c3 Nf6 4. e5 Nd5 5. d4 cxd4 6. cxd4 d6 7. Bc4 Nb6 8. Bb5 Bd7 9. Nc3 dxe5 10. dxe5 g6 11. Qe2 Bg7 12. 0-0 0-0 13. Rd1 Qc7 14. a4 a5 15. h3 Rad8 16. Bf4 Be6 17. Qe4 h6 18. h4 Rxd1+ 19. Rxd1 Rc8 20. Rc1 Rd8 21. Qe3 Kh7 22. g3 Nd5 23. Nxd5 Bxd5 24. e6 Qc8 25. exf7 Qg4 26. Be2 Qe6 27. Rc5 Qxe3 28. Bxe3 Bxf7 29. Rb5 Rd7 30. Bf1 Rd1 31. Kg2 0-1

[Event "SC-2012-0-00170"]
[Site "LSS email"]
[Date "2013.01.13"]
[Round "?"]
[White "Van Rooijen, Peter"]
[Black "Siger, Imre Csaba"]
[Result "1-0"]
[WhiteElo "1775"]
[BlackElo "1590"]
[PlyCount "63"]
[EventDate "2012.12.24"]
[EventType "tourn (corr)"]
[EventRounds "6"]
[EventCountry "GER"]
[SourceTitle "Corr 2015"]
[Source "ChessBase"]
[SourceDate "2015.07.17"]
[SourceVersion "1"]
[SourceVersionDate "2015.07.17"]
[SourceQuality "1"]

1. b4 c6 2. Bb2 a5 3. a3 axb4 4. axb4 Rxa1 5. Bxa1 Qb6 6. c3 d5 7. Nf3 Nf6 8. e3 Bf5 9. Na3 h6 10. Qa4 e6 11. Nd4 Bh7 12. Qa8 Bd6 13. Nb3 0-0 14. Na5 Rc8 15. Be2 Nfd7 16. Bb2 Be7 17. 0-0 Qd8 18. Nxb7 Qb6 19. d4 Bf5 20. Ra1 Kh7 21. Nb1 Rc7 22. Nc5 Bxc5 23. dxc5 Nxc5 24. Qa3 Rb7 25. Nd2 Nbd7 26. Qa5 Qxa5 27. Rxa5 Bd3 28. Kf1 Bg6 29. g3 Nd3 30. Ba3 N7e5 31. h3 Rb8 32. g4 1-0

[Event "SB-2012-0-00233"]
[Site "LSS email"]
[Date "2012.06.11"]
[Round "?"]
[White "Tyutyunnik, Roman"]
[Black "Siger, Imre Csaba"]
[Result "1-0"]
[WhiteElo "1921"]
[BlackElo "1787"]
[PlyCount "59"]
[EventDate "2012.05.18"]
[EventType "tourn (corr)"]
[EventRounds "6"]
[EventCountry "GER"]
[SourceTitle "Telechess CBM 159"]
[Source "ChessBase"]
[SourceDate "2014.03.17"]
[SourceVersion "1"]
[SourceVersionDate "2014.03.17"]
[SourceQuality "1"]

1. e4 e6 2. d4 d5 3. Nc3 Nf6 4. e5 Nfd7 5. f4 c5 6. Nf3 Qb6 7. Be3 a6 8. Na4 Qa5+ 9. c3 cxd4 10. b4 Qc7 11. Qxd4 Nc6 12. Qd2 Be7 13. Be2 b5 14. Nb2 a5 15. Rc1 axb4 16. cxb4 Rxa2 17. Bxb5 Bxb4 18. Qxb4 Nxb4 19. Rxc7 Kd8 20. Ra7 Rxb2 21. 0-0 Nc2 22. Bxd7 Nxe3 23. Bxc8 Nxf1 24. Ba6 Ne3 25. Ra8+ Kc7 26. Rxh8 Rxg2+ 27. Kh1 Rf2 28. Ne1 h6 29. Rc8+ Kb6 30. Kg1 1-0

[Event "SB-2012-0-00233"]
[Site "LSS email"]
[Date "2012.06.11"]
[Round "?"]
[White "Vodicka, Milan"]
[Black "Siger, Imre Csaba"]
[Result "1-0"]
[WhiteElo "1950"]
[BlackElo "1787"]
[PlyCount "59"]
[EventDate "2012.05.18"]
[EventType "tourn (corr)"]
[EventRounds "6"]
[EventCountry "GER"]
[SourceTitle "Telechess CBM 159"]
[Source "ChessBase"]
[SourceDate "2014.03.17"]
[SourceVersion "1"]
[SourceVersionDate "2014.03.17"]
[SourceQuality "1"]

1. d4 Nf6 2. c4 e6 3. Nf3 Bb4+ 4. Bd2 Qe7 5. Nc3 Bxc3 6. Bxc3 Ne4 7. Qc2 Nxc3 8. Qxc3 0-0 9. e4 d6 10. Bd3 b6 11. 0-0 Nd7 12. Rad1 Bb7 13. Bc2 e5 14. Rfe1 a5 15. Ba4 exd4 16. Nxd4 Nc5 17. Bc6 Bxc6 18. Nxc6 Qd7 19. Nd4 Rae8 20. f3 Re5 21. b3 Rfe8 22. Nf5 f6 23. g3 h6 24. Kg2 Kh7 25. h4 Qf7 26. Rd5 Qd7 27. Ne3 Qf7 28. Qc2 h5 29. Qc3 Qd7 30. Rdd1 1-0

[Event "BI-2010-F-00006"]
[Site "LSS email"]
[Date "2011.02.21"]
[Round "?"]
[White "Krueger, Hilmar"]
[Black "Siger, Imre Csaba"]
[Result "1-0"]
[WhiteElo "2199"]
[BlackElo "1790"]
[PlyCount "31"]
[EventDate "2011.02.24"]
[EventType "tourn (corr)"]
[EventRounds "10"]
[EventCountry "GER"]
[SourceTitle "Corr 2015"]
[Source "ChessBase"]
[SourceDate "2015.07.17"]
[SourceVersion "1"]
[SourceVersionDate "2015.07.17"]
[SourceQuality "1"]

1. e4 e5 2. Nf3 Nc6 3. Bc4 Bc5 4. c3 Nf6 5. d4 exd4 6. cxd4 Bb4+ 7. Bd2 Bxd2+ 8. Nbxd2 d5 9. exd5 Nxd5 10. Qb3 Nce7 11. 0-0 0-0 12. Rfe1 c6 13. Ne4 Nb6 14. Bd3 Nbd5 15. Rac1 Qb6 16. Qa3 1-0

[Event "BI-2010-F-00006"]
[Site "LSS email"]
[Date "2011.02.21"]
[Round "?"]
[White "Langer, Rajmund"]
[Black "Siger, Imre Csaba"]
[Result "1-0"]
[WhiteElo "2223"]
[BlackElo "1790"]
[PlyCount "41"]
[EventDate "2011.02.24"]
[EventType "tourn (corr)"]
[EventRounds "10"]
[EventCountry "GER"]
[SourceTitle "Telechess CBM 151"]
[Source "ChessBase"]
[SourceDate "2012.11.13"]
[SourceVersion "1"]
[SourceVersionDate "2012.11.13"]
[SourceQuality "1"]

1. e4 e6 2. d4 d5 3. Nc3 Nf6 4. e5 Nfd7 5. f4 c5 6. Nf3 a6 7. Be3 Qb6 8. a3 Nc6 9. dxc5 Bxc5 10. Na4 Qa5+ 11. b4 Qxa4 12. bxc5 0-0 13. c4 Qa5+ 14. Qd2 Qxd2+ 15. Kxd2 Rd8 16. Kc3 Rb8 17. Rb1 Ne7 18. Be2 dxc4 19. Bxc4 Nf8 20. Nd4 Bd7 21. Rhc1 1-0

[Event "BI-2010-F-00006"]
[Site "LSS email"]
[Date "2011.02.21"]
[Round "?"]
[White "Sciarretta, Robert W"]
[Black "Siger, Imre Csaba"]
[Result "1-0"]
[WhiteElo "2224"]
[BlackElo "1790"]
[PlyCount "37"]
[EventDate "2011.02.24"]
[EventType "tourn (corr)"]
[EventRounds "10"]
[EventCountry "GER"]
[SourceTitle "Telechess CBM 151"]
[Source "ChessBase"]
[SourceDate "2012.11.13"]
[SourceVersion "1"]
[SourceVersionDate "2012.11.13"]
[SourceQuality "1"]

1. d4 Nf6 2. c4 g6 3. Nf3 Bg7 4. Nc3 d5 5. Qb3 dxc4 6. Qxc4 0-0 7. Bf4 Be6 8. Qxc7 Nc6 9. Qxd8 Rfxd8 10. e3 Nb4 11. Kd2 Nbd5 12. Nxd5 Ne4+ 13. Ke1 Bxd5 14. Bd3 Nc5 15. Bc2 Ne6 16. Bg3 Rac8 17. Bd3 Nc5 18. Ke2 Nxd3 19. Kxd3 1-0

[Event "WC-2015-P-00016"]
[Site "LSS email"]
[Date "2011.02.20"]
[Round "?"]
[White "Lychev, Vassily"]
[Black "Siger, Imre Csaba"]
[Result "1-0"]
[WhiteElo "1531"]
[BlackElo "1790"]
[PlyCount "25"]
[EventDate "2011.02.24"]
[EventType "tourn (corr)"]
[EventRounds "6"]
[EventCountry "GER"]
[SourceTitle "Corr 2015"]
[Source "ChessBase"]
[SourceDate "2015.07.17"]
[SourceVersion "1"]
[SourceVersionDate "2015.07.17"]
[SourceQuality "1"]

1. e4 e6 2. d4 d5 3. Nc3 Nf6 4. e5 Nfd7 5. f4 c5 6. Nf3 a6 7. Be3 Qb6 8. a3 Nc6 9. dxc5 Bxc5 10. Na4 Qa5+ 11. b4 Qxa4 12. bxc5 0-0 13. c4 1-0